| 000 | 01448nam0a22002771 4500 | ||
|---|---|---|---|
| 001 | rc\4673716 | ||
| 005 | 20260407091704.0 | ||
| 021 |
_aRU _b[66-48531] |
||
| 035 | _a(NLR Aleph) 008703789 | ||
| 090 |
_a9315256 _c9315256 |
||
| 100 | _a20130416d1966 |||y0rusy50 ca | ||
| 101 | 0 | _arus | |
| 102 | _aRU | ||
| 105 | _aa z ||||| | ||
| 200 | 1 |
_aПовышение продуктивности и племенных качеств птицы отечественных пород _e(Сборник статей по птицеводству, посвящ. XIII Всемирному конгрессу по птицеводству) _f[Ред. коллегия: акад. С.И. Сметнев (глав. ред.) и др.] _gМоск. ордена Ленина и ордена Трудового Красного Знамени с.-х. акад. им. К.А. Тимирязева |
|
| 210 |
_aМосква _cКолос _d1966 |
||
| 215 |
_a143 с. _cил. _d22 |
||
| 320 | _aБиблиогр. в конце статей | ||
| 606 |
_aПтицеводство племенное _jСборники _2psbo |
||
| 702 | 1 |
_aСметнев _bС.И. _gСергей Иванович _4340 |
|
| 712 | 0 | 2 |
_aРоссийская сельскохозяйственная академия им. К. А. Тимирязева _3RU\NLR\AUTH\8817060 _9307384 |
| 801 | 0 |
_aRU _bNLR _gpsbo |
|
| 801 | 1 |
_aRU _bELAR _2rusmarc |
|
| 852 |
_aNLR _j66-5/3025 |
||
| 942 | _cBOOK | ||
| 980 | _aNB | ||